| 000 | 00528nam a22001817a 4500 | ||
|---|---|---|---|
| 003 | 0 | ||
| 005 | 20231227075841.0 | ||
| 008 | 231227b xxu||||| |||| 00| 0 eng d | ||
| 020 | _a978-15382-1726-9 | ||
| 050 |
_aTR _bIkn26 2019 |
||
| 082 |
_aTR _bIkn26 2019 |
||
| 100 | _aLittle, Richard | ||
| 245 |
_aI know about telling time _cRichard Little |
||
| 260 |
_aNew York _bGareth Stevens Publishing _cc2019. |
||
| 300 |
_a23 pages : _bcolored illustrations ; _c19cm. |
||
| 650 | _aTime--Juvenile literature. | ||
| 942 |
_2ddc _cBK |
||
| 999 |
_c365782 _d365782 |
||